000 01204nam a2200265 i 4500
003 CSPC
005 20250212140129.0
008 250212s2017 a 000 0 eng d
020 _a9786218069015
040 _cCSPC
_aCSPC
_beng
_erda
082 0 4 _a899.2114
_bV711p
100 1 _aVilla, Steffi Allison A.,
_eauthor.
245 1 0 _aPara sa pag-ibig /
_cSteffi Allison A. Villa.
246 0 1 _aAll for love
264 1 _a[Place of Publication not identified] :
_bArt Angel Printshop Commercial Quests Inc.,
_c2017.
300 _a67 pages :
_billustrations ;
_c22 cm.
336 _atext
_2rdacontent
337 _aunmediated
_2rdamedia
338 _avolume
_2rdacarrier
505 0 _aPilipinas kong Mahal -- Pipiliin kita -- Coming home to love -- Ikaw ang kasagutan -- Pangarap natin -- We choose love -- Salamin mo -- Ang dating sa akin -- Pag-ibig ang taya -- Walang wakas -- Pangarap kong Pilipinas -- The beauty of waiting -- I love you just the same -- Lalalove -- Lipad -- Pasasalamat.
650 4 _aPhilippine poetry
_xTagalog.
650 4 _aPhilippine poetry
_xEnglish.
942 _2ddc
_n0
_cBK
_h899.2114
_iV711p
_kFIL
_m2017
999 _c28810
_d28810